Quiz Images, Guerre Froide. - Statistiques

Statistiques générales
  • Ce quiz a été pris 1 231 fois
    1 149 depuis la dernière actualisation
  • Le résultat moyen est 11 sur 12
Statistiques - réponses
Par images Hint Réponse % Correct
Grande puissance de ce "conflit". Etats-Unis
100%
Grande puissance de ce "conflit". URSS
99%
Deuxième dirigeant de l'URSS Staline
98%
Symbole de la Guerre Mur de Berlin
97%
Arme beaucoup développée durant cette guerre Arme nucléaire
96%
Président américain John F. Kennedy
92%
Domaine d'affrontement des deux "Grands" Conquête spatiale
84%
Crise ayant eu lieu en 1962 Crise de Cuba
84%
Dictateur Cubain Fidel Castro
79%
Pays envahi en 1979 par l'URSS Afghanistan
78%
Dernier dirigeant de l'URSS Mikhaïl Gorbatchev
75%
Un des conflits de cette "guerre" Guerre de Corée
68%
Aucun quiz correspondant
Distribution des résultats
% des personnes avec chaque résultat
Percentile par nombre de réponses
Votre historique - résultats
Vous n’avez pas pris ce quiz depuis la dernière actualisation